Sociedad y teoría de sistemas
Este libro presenta la teoría de los sistemas sociales en sus distintas variantes, desde su inicio hasta los últimos avances realizados por Niklas Luhmann en Alemania.
Enregistré dans:
| Auteur principal: | |
|---|---|
| Autres auteurs: | |
| Format: | Livre |
| Langue: | Spanish |
| Publié: |
Santiago de Chile:
Editorial Universitaria,
1992
|
| Édition: | 2 ed. |
| Collection: | Colección el saber y la cultura
|
| Sujets: | |
| Accès en ligne: | Enlace del recurso |
| Tags: |
Ajouter un tag
Pas de tags, Soyez le premier à ajouter un tag!
|
MARC
| LEADER | 00000nam a2200000 a 4500 | ||
|---|---|---|---|
| 001 | 000628 | ||
| 008 | 030325s1992 cl a fr# #000|0#spa#d | ||
| 020 | |a 956-11-0762-6 | ||
| 041 | 0 | |a spa | |
| 043 | |a s-cl-- | ||
| 082 | 0 | 4 | |a 300 |b R526s |
| 100 | 1 | |a Rodríguez, Darío | |
| 245 | 1 | 0 | |a Sociedad y teoría de sistemas |c Darío Rodríguez, Marcelo Arnold |
| 250 | |a 2 ed. | ||
| 260 | |a Santiago de Chile: |b Editorial Universitaria, |c 1992 | ||
| 300 | |a 198 p.: |b il. | ||
| 440 | 0 | |a Colección el saber y la cultura | |
| 504 | |a Incluye bibliografía. | ||
| 520 | 3 | |a Este libro presenta la teoría de los sistemas sociales en sus distintas variantes, desde su inicio hasta los últimos avances realizados por Niklas Luhmann en Alemania. | |
| 650 | 1 | 4 | |a CIENCIAS SOCIALES |
| 650 | 1 | 4 | |a SOCIOLOGÍA |
| 700 | 1 | |a Arnold, Marcelo | |
| 999 | |c 2780 |d 2780 | ||
| 856 | |u https://catalogo.idep.edu.co/cgi-bin/koha/opac-detail.pl?biblionumber=2780 |z Enlace del recurso | ||